000 00546nam a2200193Ia 4500
005 20260120124601.0
008 008 260114s9999 xx 000 0 eng d
020 _a9780857243775
037 _aEBOOK
040 _aCRL
_beng
_cCRL
041 _aeng
_2eng
084 _qCRL
245 0 _aDisability as a Fluid State
260 _bEmerald Publishing
_c2010
700 _aSharon N. Barnartt
_9908052
856 _uhttps://www.emerald.com/insight/publication/doi/10.1108/S1479-3547(2010)5
942 _cEBOOK
999 _c1499941
_d1499941